Catalunya dins l'Espanya moderna (Record no. 142559)

MARC details
000 -LEADER
campo de control de longitud fija 01418nam a2200289 i 4500
001 - NÚMERO DE CONTROL
campo de control 142559
003 - IDENTIFICADOR DE NÚMERO DE CONTROL
campo de control ES-MaACL
005 - FECHA Y HORA DE LA ÚLTIMA TRANSACCIÓN
campo de control 20251012201937.0
007 - CAMPO FIJO DE DESCRIPCIÓN FÍSICA--INFORMACIÓN GENERAL
campo de control de longitud fija t|
008 - DATOS DE LONGITUD FIJA--INFORMACIÓN GENERAL
campo de control de longitud fija 071008m19641968sp |||| | cat d
080 ## - NÚMERO DE LA CLASIFICACIÓN DECIMAL UNIVERSAL
Número de la Clasificación Decimal Universal 338.1(460.23)"17"
080 ## - NÚMERO DE LA CLASIFICACIÓN DECIMAL UNIVERSAL
Número de la Clasificación Decimal Universal 911.3(460.23):33
100 1# - ENTRADA PRINCIPAL--NOMBRE DE PERSONA
Nombre de persona Vilar, Pierre,
Fechas asociadas al nombre 1906-2003
9 (RLIN) 114800
245 10 - MENCIÓN DEL TÍTULO
Título Catalunya dins l'Espanya moderna
Resto del título : recerques sobre els fonaments econòmics de les estructures nacionals /
Mención de responsabilidad, etc. Pierre Vilar ; pòrtic d' A. Duran i Sanpere ; [traducció d'Eulàlia Duran de Cahner].
250 ## - MENCION DE EDICION
Mención de edición 1ª ed.
260 ## - PUBLICACIÓN, DISTRIBUCIÓN, ETC.
Lugar de publicación, distribución, etc. Barcelona :
Nombre del editor, distribuidor, etc. Edicions 62,
Fecha de publicación, distribución, etc. 1964-1968.
300 ## - DESCRIPCIÓN FÍSICA
Extensión 4 v. ;
Dimensiones 21 cm.
490 1# - MENCIÓN DE SERIE
Mención de serie Col·lecció Estudis i Documents ;
Designación de volumen o secuencia 1-4
505 8# - NOTA DE CONTENIDO CON FORMATO
Nota de contenido con formato Contiene: 1 ;
Título Introducció, El medi natural / pòrtic d' A. Duran i Sanpere (431 p., 40 p. de lám.) - 2 ;
-- El medi històric (463 p.) - 3 ;
-- Les transformacions agráries del segle XVIII catalá: de l'impuls de les forces productives a la formació d'una burgesia nova (663 p.) - 4 ;
-- La formació del capital comercial (631 p.)
651 #4 - PUNTO DE ACCESO ADICIONAL DE MATERIA--NOMBRE GEOGRÁFICO
Nombre geográfico Cataluña-
Subdivisión general Situación económica-
Subdivisión cronológica S.XVIII.
9 (RLIN) 167750
651 #4 - PUNTO DE ACCESO ADICIONAL DE MATERIA--NOMBRE GEOGRÁFICO
Nombre geográfico Cataluña-
Subdivisión general Geografía económica.
9 (RLIN) 165017
700 0# - ENTRADA AGREGADA--NOMBRE PERSONAL
Nombre de persona Durán, Eulàlia.
9 (RLIN) 46179
700 1# - ENTRADA AGREGADA--NOMBRE PERSONAL
Nombre de persona Durán i Sanpere, Agustí,
Fechas asociadas al nombre 1887-1975
9 (RLIN) 46223
830 0# - PUNTO DE ACCESO ADICIONAL DE SERIE-TÍTULO UNIFORME
Título uniforme Col·lecció Estudis i Documents ;
Designación de volumen o secuencia 1-4
9 (RLIN) 187245
852 ## - LOCALIZACIÓN
Ubicación ES-MaACL
Número de control de estantería P-429-Ter
Holdings
Estatus retirado Estado de pérdida Estado de daño No para préstamo Biblioteca de origen Biblioteca actual Ubicación en estantería Fecha de adquisición Fuente de adquisición Total de préstamos Signatura topográfica completa Código de barras Visto por última vez Precio de reemplazo Tipo de ítem Koha
        Biblioteca del Ateneo de Madrid Biblioteca del Ateneo de Madrid Depósito 2 17/01/2008     P-429-Ter 1148333 23/02/2023 23/02/2023 Libro impreso